Für eine ökologische und sozial determinierte Wirtschaftsentwicklung.

Krátkodobé a dlhodobé úlohy v oblasti ochrany životného prostredia v NDR vo vzťahu k zaťaženiu vzduchu, pôdy a vody ako aj odstránenie a zhodnotenie odpadu. Dôsledok súčasnej situácie možno vidieť v energetickej a štruktúrnej politike do súčasných čias a absencie harmonického vývoja ekonomiky a ekol...

Descrizione completa

Salvato in:
Dettagli Bibliografici
Autore principale: Sagert, J.
Natura: Capitolo di libro
Lingua:tedesco
Soggetti:
Tags: Aggiungi Tag
Nessun Tag, puoi essere il primo ad aggiungerne!!

MARC

LEADER 00000naa a2200000 4500
001 r001964
005 20240618122425.8
041 0 |a ger 
044 |a DE 
245 1 0 |a Für eine ökologische und sozial determinierte Wirtschaftsentwicklung.  |c J. Sagert 
520 |a Krátkodobé a dlhodobé úlohy v oblasti ochrany životného prostredia v NDR vo vzťahu k zaťaženiu vzduchu, pôdy a vody ako aj odstránenie a zhodnotenie odpadu. Dôsledok súčasnej situácie možno vidieť v energetickej a štruktúrnej politike do súčasných čias a absencie harmonického vývoja ekonomiky a ekológie. 
610 2 0 |a prostredie životné 
610 2 0 |a NDR 
610 2 0 |a ekológia 
610 2 0 |a ochrana prostredia životného 
100 1 |a Sagert, J.